000 00336nam a22001457a 4500
008 230320b ||||| |||| 00| 0 eng d
020 _a21925495
041 _aeng
080 _23RD EDITION
_a616.31
082 _a616.31NEW
100 _a12
101 _aSTOMATO
245 _aORAL HARD TISSUE DISEASES
_cNEWLAND .R
942 _2udc
_cBK
999 _c59392
_d59392